Top Scoring NHL Players of Color - Statistics

General Stats
  • This quiz has been taken 36 times
  • The average score is 7 of 42
Answer Stats
Points Ethnicity Player % Correct
1300 Bi-racial Nigerian Jarome Iginla
88%
467 Afro-Caribbean P.K. Subban
53%
568 Arab Nazem Kadri
47%
989 Bi-racial Japanese Paul Kariya
41%
421 Afro-Caribbean Anson Carter
34%
542 Bi-racial Mexican Auston Matthews
28%
526 Afro-Canadian Wayne Simmonds
28%
1425 Bi-racial Cree Métis Bryan Trottier
25%
573 Bi-racial Afro-Canadian Evander Kane
25%
234 Bi-racial Filipino Jason Robertson
25%
756 Mexican-Columbian Scott Gomez
25%
374 Bi-racial Afro-American Seth Jones
22%
304 Afro-Canadian Joel Ward
19%
305 Cree Jonathan Cheechoo
19%
1088 Métis Theoren Fleury
19%
261 Afro-Caribbean Anthony Duclair
16%
235 Bi-racial Afro-Caribbean Darnell Nurse
16%
383 Afro-Caribbean Mike Grier
16%
241 Korean Richard Park
16%
525 Bi-racial Afro-American Dustin Byfuglien
13%
713 Bi-racial Ojibwe George Armstrong
13%
639 Bi-racial Nigerian Tony McKegney
13%
592 Bi-racial Nigerian Kyle Okposo
9%
236 Bi-racial Filipino Matt Dumba
9%
606 Bi-racial Persian Mika Zibanejad
9%
666 Ojibwe Reggie Leach
9%
316 Métis René Bourque
9%
261 Bi-racial Japanese Devin Setoguchi
6%
645 Bi-racial Mexican Max Pacioretty
6%
260 Bi-racial Mexican-Peruvian Raffi Torres
6%
856 Bi-racial Nicaraguan Bill Guerin
3%
219 Mohawk Brandon Montour
3%
457 Bi-racial Arab Brandon Saad
3%
478 Cree Dale McCourt
3%
489 Bi-racial Afro-Canadian Dirk Graham
3%
368 Cree Jim Neilson
3%
252 Bi-racial Arab Justin Abdelkader
3%
295 Bi-racial Punjabi Manny Maholtra
3%
357 Bi-racial Afro-Canadian Ray Neufeld
3%
670 Bi-racial Ojibwe T.J. Oshie
3%
229 Métis Travis Hamonic
3%
309 Bi-racial Afro-Caribbean Trevor Daley
3%
No matching quizzes found
Score Distribution
Percent of People with Each Score
Percentile by Number Answered
Your Score History
You have not taken this quiz